000 00744nam a22002532a 4500
999 _c6091
_d6091
001 6091
003 BD - JCC
005 20180102102959.0
008 500101s1950 xx 000 0 eng u
035 _a(BD - JCC )6091
040 _aWSU
_dSER
_dUKM
_dEQO
_dBD - JCC
041 _aeng
082 _a658.503
_218
_bLAN 1950
090 _aTS155
_b.L25
100 1 _aLandy, Thomas M.,
_d1899-
245 1 0 _aProduction planning and control /
_cThomas M. Landy
260 _aNew York :
_bMcGraw-Hill,
_c1950
300 _a436 p
490 1 _aMcGraw-Hill industrial organization and management series
650 0 _aFactory management
830 0 _aMcGraw-Hill industrial organization and management series
942 _2ddc
_cBK